Oldest Continuously Inhabited Settlements In Canada - Statistics

General Stats
  • This quiz has been taken 15 times
  • The average score is 4 of 15
Answer Stats
Founding Year Answer Province % Correct
1608 Quebec City QC
92%
1642 Montreal QC
85%
1497 St Johns NL
85%
1634 Trois Rivieres QC
54%
1605 Port Royal NS
23%
1651 Sainte-Anne-de-Beaupre QC
8%
1642 Sorel QC
8%
1599 Tadoussac QC
8%
1655 Cap-Saint-Ignace QC
0%
1604 Casno NS
0%
1646 Chateau Richer QC
0%
1610 Cupids NL
0%
1583 Harbour Grace NL
0%
1660 Placentia NL
0%
1650 Saint-Ours QC
0%
No matching quizzes found
Score Distribution
Percent of People with Each Score
Percentile by Number Answered
Your Score History
You have not taken this quiz